• 首页
  • 本馆介绍
  • 公告通知
  • 最新文献
  • 馆藏检索
  • 电子资源
  • 读者导购
  • 参考咨询
  • 我的图书馆
  • 登录
  • 详细信息显示
  • 放入我的书架
  • 预约/预借图书
  • 作者相关作品
  • 分类相关作品
  • 丛书相关作品
  • 出版社相关作品

书目信息

  • 表格格式
  • 工作单格式
  • 卡片格式
题名:
怎样画静物
    
 
作者: 吴作人 编
分册:  
出版信息: 北京   人民美术出版社  1983
页数: 28页
开本: 19cm
丛书名:
单 册:
中图分类: J211.27
科图分类:
主题词: 静物画-技法(美术) , 技法(美术)-静物画
电子资源:
ISBN:
000 00640nam0 2200241 45
001 0181002942
005 20060819154717.01
010    @dCNY0.20
091    @a8027.2103
100    @a19950630d1983 em y0chiy0121 ea
101 0  @achi
102    @aCN@b110000
105    @af z 000yy
200 10 @a怎样画静物@Azen yang hua jing wu@f吴作人编
210    @a北京@c人民美术出版社@d1983
215    @a28页@c图@d19cm
606    @a静物画-技法(美术)
606    @a技法(美术)-静物画
690    @aJ211.27@v3
701  0 @a吴作人@Awu zuo ren@4编
801  0 @aCN@b上海图书馆@c20060819
801  2 @aCN@bNLC@c20060818
905    @dJ211.27@e51@b208695@f1
    
    怎样画静物/吴作人编.-北京:人民美术出版社,1983
    28页:图;19cm
    
    
    ISBN :CNY0.20
    
●
相关链接 在E读中查询图书 在五车中查询图书 在当当中查询图书 在豆瓣中查询图书


正题名:怎样画静物     索取号:J211.27/51         预约/预借

序号 登录号 条形码 馆藏地/架位号 状态 备注
1 0208695   001214117   第一样本阅览室/ [索取号:J211.27/51] 在馆    
2 0466668   204666682   密集书库/ [索取号:J211.27/51] 在馆    
3 0466949   204669493   密集书库/ [索取号:J211.27/51] 在馆    
唐山师范学院图书馆 欢迎您!
大连网信软件有限公司© 版权所有